| 000 | 01041nam a22002417a 4500 | ||
|---|---|---|---|
| 999 |
_c18875 _d18875 |
||
| 003 | AR-CdUCM | ||
| 008 | 190515b ||||| |||| 00| 0 spa d | ||
| 040 |
_aMUNICIPALIDAD PROVINCIAL DEL CUSCO _cBIBLIOTECA MUNICIPAL DEL CUSCO |
||
| 041 | _heng | ||
| 082 |
_a338.973 / _bK79 |
||
| 100 |
_aKraus Bivens, Karen _939766 |
||
| 245 |
_aDespués de la rueda Kennedy : _bperspectivas de una liberalización mundial del intercambio / |
||
| 260 |
_aBuenos Aires : _bPaidos, _c1974. |
||
| 300 |
_a157 páginas ; _c23 cm. |
||
| 440 |
_aBiblioteca Tu / Economía. _n7 _939767 |
||
| 505 | _aContenido: La influencia de la Rueda Kennedy en el comercio y la industria -- Tratamiento especial para los países menos desarrollados -- La influencia de los bloques regionales de comercio sobre el intercambio mundial y su desarrollo. | ||
| 650 |
_aComercio _9322 |
||
| 650 |
_aRegionalismo _95410 |
||
| 650 |
_aAgrupaciones comerciales _939768 |
||
| 700 |
_aCosta Picazo, Rolando (traducción) _939769 |
||
| 942 |
_2ddc _cLIBROS |
||
| 945 |
_aachl _d2019-05-15 |
||